Kesihatan bayi dan kanak-kanak

Bibliographic Details
Main Author: Roni Hidayat Ridwan
Format: Book
Published: Selangor : Penapro Sdn Bhd , 2006
Series:Siri penjagaan kesihatan
Subjects:

MARC

LEADER 00000cam a2200000 7i4500
001 0000007406
005 20151222.0
008 070830
020 |a 9833272347(set) 
020 |a 9833272401 
090 0 0 |a JF   |b HEA MAL (8598) 
100 0 |a Roni Hidayat Ridwan 
245 0 0 |a Kesihatan bayi dan kanak-kanak   |c Roni Hidayat Ridwan 
260 |a Selangor :   |b Penapro Sdn Bhd ,   |c 2006 
440 |a Siri penjagaan kesihatan 
500 |a Children ages 7-9 years old (orange) 
650 0 |a Health   |x Juvenile literature 
999 |a 0000946173   |b Book   |c Children Collection   |e Cawangan Taman Sri Lambak 
999 |a 0000946174   |b Book   |c Children Collection   |e Cawangan Taman Sri Lambak 
999 |a 0000946175   |b Book   |c Children Collection   |e Cawangan Taman Sri Lambak 
999 |a 0000990082   |b Book   |c Children Collection   |e Perbadanan Perpustakaan Awam Johor 
999 |a 0000990083   |b Book   |c Children Collection   |e Perbadanan Perpustakaan Awam Johor 
999 |a 0000990084   |b Book   |c Children Collection   |e Cawangan Pontian